ILanguages Quiz Stats

Quiz Updated Dec 6, 2017

Challenge
Share
Tweet
Embed
Score 0/64 Timer 06:00
0 Plays Today
Language % Correct
English (Australia, Canada, India, Japan, Singapore, UK, US)
98.5%
French (Belgium, Canada, France, Switzerland)
96%
Spanish (Latin America, Mexico, Spain)
95.9%
Chinese (Simplified, Traditional)
94%
Japanese
91.6%
German (Austria, Germany, Switzerland)
91.5%
Russian
89%
Najdi Arabic
88.3%
Italian
86.3%
Arabic
85.8%
Portuguese (Brazil, Portugal)
84.9%
Swedish
82.1%
Dutch (Belgium, Netherlands)
77.8%
Finnish
76%
Greek
76%
Korean
75.2%
Hindi
72.6%
Norwegian Bokmål
71.9%
Polish
70.2%
Danish
68.7%
Turkish
66%
Vietnamese
65.8%
Thai
63.3%
Swahili
61.5%
Czech
61.2%
Hungarian
61.2%
Romanian
61%
Irish
56.2%
Serbian (Latin)
55.8%
Latvian
55.7%
Croatian
54.8%
Persian
54%
Language % Correct
Lithuanian
53.4%
Hebrew
53.2%
Slovak
52.8%
Estonian
52.6%
Bulgarian
51.5%
Ukrainian
49.8%
Icelandic
49.4%
Armenian
49.4%
Urdu
49%
Malay
46.2%
Indonesian
45.1%
Filipino
41.4%
Georgian
41.1%
Slovenian
40.8%
Welsh
40.8%
Bangla/Bengali
34.4%
Tamil
30.3%
Macedonian
30.2%
Belarusian
29.8%
Azerbaijani
28.7%
Catalan
28.3%
Māori
26.4%
Punjabi
22.9%
Kannada
18.1%
Malayalam
16.6%
Cherokee
15.2%
Gujarati
13.1%
Hawaiian
12.8%
Telugu
11.2%
Marathi
9.2%
Odia
7.2%
Tibetan
6.9%

You're not logged in!

Compare scores with friends on all Sporcle quizzes.
Sign Up with Email
OR
Log In

You Might Also Like...

Show Comments

Extras

Top Quizzes Today


Score Distribution

Your Account Isn't Verified!

In order to create a playlist on Sporcle, you need to verify the email address you used during registration. Go to your Sporcle Settings to finish the process.